Versos de ciego

Kaydedildi:
Detaylı Bibliyografya
Yazar: Heiremans Despouy, Luis Alberto (Yazar)
Materyal Türü: Kitap
Dil:İspanyolca
Baskı/Yayın Bilgisi: s.l s.n 1962
Konular:
Etiketler: Etiketle
Etiket eklenmemiş, İlk siz ekleyin!

MARC

LEADER 00000nam a2200000 a 4500
001 UCQ4495
003 CL-VaPUC
008 980904e19620000cl |||||||||||||||||spa|d
082 0 4 |a Ch862  |b HEI  |2 21 
100 0 |a Heiremans Despouy, Luis Alberto  |e author  |9 319024 
245 1 0 |a Versos de ciego 
246 1 3 |a El abanderado 
300 |a 143 p 
942 |c BK 
945 |d 19980904 00:00:00  |a lriquelm 
260 |a s.l  |b s.n  |c 1962 
650 7 |a DRAMA CHILENO  |2 CL-VaPUC  |9 269279 
650 0 |a Teatro chileno  |9 266701 
650 0 |a Literatura chilena   |9 308278 
583 |a last modification  |c 20180103 02:26:55  |k Rodrigo Vera 
999 |c 274869  |d 274867 
952 |0 0  |1 0  |4 0  |6 CH_862_000000000000000_HEI_1962  |7 0  |8 A  |9 311229  |a BIBEDU  |b BIBEDU  |d 2019-11-20  |i 1462237  |o Ch862 HEI 1962  |p 1462237  |r 2019-11-20  |w 2019-11-20  |y BK  |k LIT